রাঙাবালির পথে /

Bibliografiske detaljer
Hovedforfatter: বাহাদুর, সাঈদ
Format: Bog
Sprog:English
Udgivet: ঢাকা : মুক্তচিন্তা, ২০০৫.
Fag:
Classic Catalogue: View this record in Classic Catalogue
LEADER 01181nam a22002537a 4500
001 0017343
003 BD-DhAAL
005 20250720095900.0
008 141118b bg ||||| |||| 00| 0 eng d
020 |a 9848435069 
040 |a BD-DhAAL  |c BD-DhAAL 
082 |a 891.44371  |2 23 
100 |a বাহাদুর, সাঈদ  |9 6064 
245 |a রাঙাবালির পথে /  |c সাঈদ বাহাদুর. 
260 |a ঢাকা :  |b মুক্তচিন্তা,   |c ২০০৫. 
300 |a ৮০ পৃ. :  |c ২২ সে.মি. 
526 |a AAL  |x Hasina Afroz University Librarian BRAC University 
541 |e 0017343  |a A H Development Publishing House 
650 |a Short stories, Bengali.  |9 6065 
651 |a Bangladesh  |x History  |y Revolution, 1971  |v Fiction. 
852 |a Ayesha Abed Library  |c General Stacks 
942 |2 ddc  |c BK 
999 |c 33075  |d 33075 
952 |0 0  |1 0  |2 ddc  |4 0  |6 891_443710000000000_BAH  |7 0  |9 44099  |a BRACUL  |b BRACUL  |c GEN  |d 2014-11-18  |e A H Development Publishing House  |g 70.00  |l 3  |m 8  |o 891.44371 BAH  |p 3010017343  |r 2019-01-13  |s 2018-12-09  |t 1  |w 2014-11-18  |y BK  |x Requisitioned by Hasina Afroz, University Librarian, Ayesha Abed Library, BRAC University.